000 00495nam a2200181Ia 4500
999 _c28496
_d28496
003 OSt
005 20201207152938.0
008 190216s9999||||xx |||||||||||||| ||und||
020 _a978813000312
040 _coclc
082 _a894.8124
_bSAN/H
100 _aSanjayan
_97071
245 0 _aHasyaprakasam /
_cSanjayan
260 _bPoorna Publication,
_aKozhikode:
_c2003.
300 _a608p
650 _aLekhanam
942 _cBK
_2ddc
_h894.8124
_iSAN/H
_k894.8124
_mSAN/H